000 00641nam a22001937a 4500
008 120822s2011 enk||||| ||| 00| 0 ng d
020 _a1463608845
020 _a9781463608842
082 _222
_a346.016
_bSHA
100 _930595
_aShaw, Bernard,
_d1856-1950.
245 _aGetting Married /
_cby Bernard Shaw
260 _aEngland ,
_c2011.
300 _a92 p. ;
_c28 cm.
650 _919435
_aMarriage.
650 _930856
_aMarriage
_xLaw
653 _bENG
_cAugust2012
942 _2ddc
_cBB
999 _c16952
_d16952